Assessment of the Solvency and Financial Condition Report of the Insurance Companies in Slovakia for 2017

Analýza zverejnených informácií pre slovenský trh. Porovnanie s rokom 2016. Prezentácia nezávislých pozorovaní a záverov. Dôraz kladený na životné poisťovne, ich štandardnú kapitálovú požiadavku a reálnu hodnotu záväzkov podľa požiadaviek smernice Solventnosť II.

Enregistré dans:
Détails bibliographiques
Auteur principal: Sakálová, Katarína, 1955-
Autres auteurs: Kamenárová, Mária
Format: Chapitre de livre
Langue:anglais
Sujets:
Tags: Ajouter un tag
Pas de tags, Soyez le premier à ajouter un tag!

MARC

LEADER 00000naa$a2200000$$$4500
001 0251127
005 20240502083718.4
041 0 |a eng 
044 |a CZ 
245 1 0 |a Assessment of the Solvency and Financial Condition Report of the Insurance Companies in Slovakia for 2017  |c Katarína Sakálová, Mária Kamenárová 
520 |a Analýza zverejnených informácií pre slovenský trh. Porovnanie s rokom 2016. Prezentácia nezávislých pozorovaní a záverov. Dôraz kladený na životné poisťovne, ich štandardnú kapitálovú požiadavku a reálnu hodnotu záväzkov podľa požiadaviek smernice Solventnosť II. 
610 2 0 |a poisťovníctvo 
610 2 0 |a Slovensko 
610 2 0 |a solventnosť 
610 2 0 |a ukazovatele finančné 
100 1 |a Sakálová, Katarína, 1955- 
700 1 |a Kamenárová, Mária